000 01024cam a22002651i 4500
003 SA-RiAUC
005 20241201150749.0
008 241128s1996 su g 000 0 ara c
040 _aSA-JeALM
_bara
_cSA-RiAUC.
_erda
050 4 _b.I26 1996
082 0 4 _a252.5
090 _a252.5
_b ق ص ي
100 1 _aالقصير، عبدالله بن صالح
_eمؤلف.
245 1 0 _aزاد الحجاج والمعتمرين /
_bمن فقه وآداب ذينك النسكين
_cعبد الله بن صالح القصير.
250 _aالطبعة الثالثة :
264 1 _aالرياض :
_bدار الوطن للنشر،
_c1996
300 _a126 صفحة ؛
_c24 سم
336 _aنص
_btxt
_2rdacontent
_3كتاب
337 _aبدون وسيط
_bn
_2rdamedia
338 _aمجلد
_bnc
_2rdacarrier
650 7 _aالحج (فقه إسلامي)
_xمناسك
_2aucsh
650 7 _aالعمرة (فقه إسلامي)
_xمناسك
_2aucsh
942 _2ddc
_cBOOK
_n0
949 _aSA-JeALM
_d241128
_uosman123
_n1
999 _c2910
_d2910